<?xml version="1.0" encoding="UTF-8"?>
<record
    xmlns:xsi="http://www.w3.org/2001/XMLSchema-instance"
    xsi:schemaLocation="http://www.loc.gov/MARC21/slim http://www.loc.gov/standards/marcxml/schema/MARC21slim.xsd"
    xmlns="http://www.loc.gov/MARC21/slim">

  <leader>01877nam a2200433 a 4500</leader>
  <controlfield tag="008">181120s2016    mx ||||fr|||| 001 0 spa d</controlfield>
  <datafield tag="020" ind1=" " ind2=" ">
    <subfield code="a">9786071513366</subfield>
  </datafield>
  <datafield tag="041" ind1=" " ind2=" ">
    <subfield code="a">spa</subfield>
  </datafield>
  <datafield tag="092" ind1=" " ind2=" ">
    <subfield code="c">616</subfield>
    <subfield code="l">32</subfield>
    <subfield code="s">HAR</subfield>
  </datafield>
  <datafield tag="245" ind1=" " ind2=" ">
    <subfield code="a">Harrison. Principios de Medicina Interna.</subfield>
    <subfield code="b">Vol.1 /</subfield>
    <subfield code="c">Dennis L. kasper</subfield>
  </datafield>
  <datafield tag="250" ind1=" " ind2=" ">
    <subfield code="a">19a ed.</subfield>
    <subfield code="b">Traducci&#xF3;n Martha Elena Araiza Martinez ; Jos&#xE9; Rafael Blengio Pinto ; Ana Maria P&#xE9;rez Tamayo ; Sa&#xFA;l Lira Albarr&#xE1;n ; H&#xE9;ctor Barrera Villavicencio y Patricia Talam&#xE1;s Rhoana. </subfield>
  </datafield>
  <datafield tag="260" ind1=" " ind2=" ">
    <subfield code="a">M&#xE9;xico:</subfield>
    <subfield code="b">McGraw Hill Interamericana;</subfield>
    <subfield code="c">2016.</subfield>
  </datafield>
  <datafield tag="300" ind1=" " ind2=" ">
    <subfield code="a">1-465 p.</subfield>
  </datafield>
  <datafield tag="500" ind1=" " ind2=" ">
    <subfield code="a">Kasper, D. L. (Ed.). et al. (2016). Harrison. Principios de medicina interna. Vol.1 (19a ed.). M&#xE9;xico : McGraw-Hill Interamericana. </subfield>
  </datafield>
  <datafield tag="590" ind1=" " ind2=" ">
    <subfield code="a">Compra Noviembre 2018. Fac. de Medicina.</subfield>
  </datafield>
  <datafield tag="653" ind1=" " ind2=" ">
    <subfield code="a">Generalidades de la medicina clinica</subfield>
  </datafield>
  <datafield tag="653" ind1=" " ind2=" ">
    <subfield code="a">Manifestaciones cardinales y presentacion de enfermedades</subfield>
  </datafield>
  <datafield tag="653" ind1=" " ind2=" ">
    <subfield code="a">Dolor</subfield>
  </datafield>
  <datafield tag="653" ind1=" " ind2=" ">
    <subfield code="a">Alteraciones de la temperatura corporal</subfield>
  </datafield>
  <datafield tag="653" ind1=" " ind2=" ">
    <subfield code="a">Disfunci&#xF3;n del sistema nervioso</subfield>
  </datafield>
  <datafield tag="653" ind1=" " ind2=" ">
    <subfield code="a">Trastornos del ojos, o&#xED;do, nariz y faringe.</subfield>
  </datafield>
  <datafield tag="653" ind1=" " ind2=" ">
    <subfield code="a">Alteraciones en las funciones circulatoria y respiratoria</subfield>
  </datafield>
  <datafield tag="653" ind1=" " ind2=" ">
    <subfield code="a">Alteraciones en la funci&#xF3;n gastrointestinal</subfield>
  </datafield>
  <datafield tag="653" ind1=" " ind2=" ">
    <subfield code="a">Alteraciones en la funci&#xF3;n renal y de las v&#xED;as urinarias</subfield>
  </datafield>
  <datafield tag="653" ind1=" " ind2=" ">
    <subfield code="a">Alteraciones en la funci&#xF3;n sexual y la reproducci&#xF3;n</subfield>
  </datafield>
  <datafield tag="653" ind1=" " ind2=" ">
    <subfield code="a">Transtornos en la piel</subfield>
  </datafield>
  <datafield tag="653" ind1=" " ind2=" ">
    <subfield code="a">Transtornos hematol&#xF3;gicos</subfield>
  </datafield>
  <datafield tag="653" ind1=" " ind2=" ">
    <subfield code="a">Genes el medioambiente y las enfermedades</subfield>
  </datafield>
  <datafield tag="653" ind1=" " ind2=" ">
    <subfield code="a">Medicina regenerativa</subfield>
  </datafield>
  <datafield tag="653" ind1=" " ind2=" ">
    <subfield code="a">Envejecimiento</subfield>
  </datafield>
  <datafield tag="653" ind1=" " ind2=" ">
    <subfield code="a">Nutrici&#xF3;n y p&#xE9;rdida de peso</subfield>
  </datafield>
  <datafield tag="700" ind1="1" ind2=" ">
    <subfield code="a">Kasper, Dennis L.</subfield>
    <subfield code="9">3987</subfield>
  </datafield>
  <datafield tag="700" ind1="1" ind2=" ">
    <subfield code="a">Hauser, Stephen L. </subfield>
    <subfield code="9">820</subfield>
  </datafield>
  <datafield tag="700" ind1="1" ind2=" ">
    <subfield code="a">Jameson, J.Larry </subfield>
    <subfield code="9">817</subfield>
  </datafield>
  <datafield tag="700" ind1="1" ind2=" ">
    <subfield code="a">Fauci, Anthony S. </subfield>
    <subfield code="9">821</subfield>
  </datafield>
  <datafield tag="700" ind1="1" ind2=" ">
    <subfield code="a">Longo, Dan L. </subfield>
    <subfield code="9">819</subfield>
  </datafield>
  <datafield tag="700" ind1="1" ind2=" ">
    <subfield code="a">Loscalzo, Joseph </subfield>
    <subfield code="9">745</subfield>
  </datafield>
  <datafield tag="942" ind1=" " ind2=" ">
    <subfield code="2">ddc</subfield>
    <subfield code="c">BK</subfield>
  </datafield>
  <datafield tag="999" ind1=" " ind2=" ">
    <subfield code="c">2832</subfield>
    <subfield code="d">2832</subfield>
  </datafield>
  <datafield tag="952" ind1=" " ind2=" ">
    <subfield code="0">0</subfield>
    <subfield code="1">0</subfield>
    <subfield code="2">ddc</subfield>
    <subfield code="4">0</subfield>
    <subfield code="7">0</subfield>
    <subfield code="a">BFM</subfield>
    <subfield code="b">BFM</subfield>
    <subfield code="c">CR</subfield>
    <subfield code="d">2018-11-20</subfield>
    <subfield code="l">2</subfield>
    <subfield code="o">616 32 HAR</subfield>
    <subfield code="p">4357</subfield>
    <subfield code="r">2020-03-13</subfield>
    <subfield code="s">2019-12-18</subfield>
    <subfield code="t">Ej. 8</subfield>
    <subfield code="w">2018-11-20</subfield>
    <subfield code="y">BK</subfield>
    <subfield code="z">Compra Noviembre 2018. Fac. de Medicina.</subfield>
  </datafield>
</record>
